000 00644nam a2200193 i 4500
001 96815
003 ES-MaACL
005 20231215063516.0
007 t|
008 050701s1979 sp |||| | spa d
100 1 _aMallo, Tomás
_975818
245 1 0 _aEsquema sobre la técnica en el pensamiento de Ortega y Gasset /
_cTomás Mallo.
260 _a[Madrid :
_bs.n.],
_c1979.
300 _a14 p. ;
_c24 cm.
595 _aSeparata de: Cuadernos hispanoamericanos, n. 350, agosto 1979.
600 1 4 _aOrtega y Gasset, José,
_d1883-1955-
_xCrítica e interpretación
_987505
852 _aES-MaACL
_j2133-F-31
999 _c96815
_d96815